LEADER 02135nam 2200601 a 450 001 9910465098203321 005 20200520144314.0 010 $a1-299-31693-X 010 $a1-58983-734-7 035 $a(CKB)2560000000100684 035 $a(EBL)3118272 035 $a(SSID)ssj0001101490 035 $a(PQKBManifestationID)11604382 035 $a(PQKBTitleCode)TC0001101490 035 $a(PQKBWorkID)11066957 035 $a(PQKB)11273300 035 $a(MiAaPQ)EBC3118272 035 $a(Au-PeEL)EBL3118272 035 $a(CaPaEBR)ebr10676861 035 $a(CaONFJC)MIL462943 035 $a(OCoLC)922967887 035 $a(EXLCZ)992560000000100684 100 $a20130402d2012 uy 0 101 0 $aeng 135 $aur|n|---||||| 181 $ctxt 182 $cc 183 $acr 200 04$aThe studia Philonica annual$b[electronic resource] $estudies in Hellenistic Judaism /$feditors, David T. Runia, Gregory E. Sterling ; associate editor, Sarah J.K. Pearce ; book review editor, Ronald Cox. Volume XXIV, 2012 210 $aAtlanta $cSociety of Biblical Literature$dc2012 215 $a1 online resource (306 p.) 225 0 $aStudia Philonica annual : studies in Hellenistic Judaism,$x1052-4533 ;$vv. 24, 2012 300 $aDescription based upon print version of record. 311 $a1-58983-697-9 320 $aIncludes bibliographical references. 327 $aArticles -- Special section : Philo and Roman imperial power -- Bibliography section -- Book review section. 606 $aJews$xCivilization$xGreek influences 606 $aJudaism$xHistory$yPost-exilic period, 586 B.C.-210 A.D 608 $aElectronic books. 615 0$aJews$xCivilization$xGreek influences. 615 0$aJudaism$xHistory 676 $a296.09014 701 $aRunia$b David T$0152904 701 $aSterling$b Gregory E$0181426 701 $aPearce$b Sarah J. K$0936604 701 $aCox$b Ronald$0936605 801 0$bMiAaPQ 801 1$bMiAaPQ 801 2$bMiAaPQ 906 $aBOOK 912 $a9910465098203321 996 $aThe studia Philonica annual$92109688 997 $aUNINA LEADER 01155nam0 22003253i 450 001 LO10019124 005 20231121125513.0 100 $a20210723d1988 ||||0itac50 ba 101 | $aita 102 $ait 181 1$6z01$ai $bxxxe 182 1$6z01$an 200 1 $aScienza e valori$fLoren R. Graham 210 $aRoma$cArmando$d\1988! 215 $a419 p.$c22 cm 225 | $aFilosofia e problemi d'oggi 300 $aTrad. di Giovanni Rigamonti. 410 0$1001CFI0043867$12001 $aFilosofia e problemi d'oggi 500 10$aBetween science and values$3LO10022507$9LO1V013754$93607827 606 $aScienze e societa$2FIR$3RMLC116838$9I 676 $a501$9SCIENZE PURE. FILOSOFIA E TEORIA$v21 700 1$aGraham$b, Loren R.$3LO1V013754$4070$047336 801 3$aIT$bIT-01$c20210723 850 $aIT-FR0017 899 $aBiblioteca umanistica Giorgio Aprea$bFR0017 $eN 912 $aLO10019124 950 0$aBiblioteca umanistica Giorgio Aprea$d 52MAG 14/973$e 52FSS0000014035 VMB RS $fA $h20210723$i20210723 977 $a 52 996 $aBetween science and values$93607827 997 $aUNICAS